| Tag |
First Indicator |
Second Indicator |
Subfields |
| LEADER |
00000cam a22000008a 4500 |
| 001 |
in00000007117 |
| 005 |
20151004090012.0 |
| 008 |
870331s1987 enkg b 00110 eng |
| 010 |
|
|
|a 87011008
|
| 020 |
|
|
|a 0719014891 :
|c $45.00 (U.S.)
|
| 035 |
|
|
|a (OCoLC)15550556
|
| 035 |
|
|
|9 AAA1587AM
|
| 040 |
|
|
|a DLC
|c DLC
|d m/c
|d TXA
|d UtOrBLW
|
| 049 |
|
|
|a TXAM
|c [A12613052]
|
| 050 |
0 |
0 |
|a ML3470
|b .H38 1987
|
| 082 |
0 |
|
|a 780/.42/09
|2 19
|
| 100 |
1 |
|
|a Hatch, David.
|
| 245 |
1 |
0 |
|a From blues to rock :
|b an analytical history of pop music /
|c David Hatch and Stephen Millward.
|
| 264 |
|
1 |
|a Manchester, UK ;
|a Wolfeboro, NH, USA :
|b Manchester University Press,
|c [1987]
|
| 264 |
|
4 |
|c ©1987
|
| 300 |
|
|
|a ix, 217 pages :
|b music.
|
| 336 |
|
|
|a text
|b txt
|2 rdacontent
|
| 337 |
|
|
|a unmediated
|b n
|2 rdamedia
|
| 338 |
|
|
|a volume
|b nc
|2 rdacarrier
|
| 490 |
1 |
|
|a Music and society
|
| 504 |
|
|
|a Discography: pages [203]-206.
|
| 504 |
|
|
|a Bibliography: pages [207]-209.
|
| 500 |
|
|
|a Includes index.
|
| 650 |
|
0 |
|a Popular music
|x History and criticism.
|
| 700 |
1 |
|
|a Millward, Stephen.
|
| 830 |
|
0 |
|a Music and society (Series)
|
| 999 |
|
|
|a MARS
|
| 999 |
f |
f |
|s 25aced0b-8468-3a14-bed7-b0765b22da30
|i c9ec9071-f352-33a6-8d7f-93dfa29ffa1b
|t 0
|
| 952 |
f |
f |
|p normal
|a Texas A&M University
|b College Station
|c Sterling C. Evans Library
|d Evans: Library Stacks
|t 0
|e ML3470 .H38 1987
|h Library of Congress classification
|i unmediated -- volume
|m A14812613052
|
| 998 |
f |
f |
|a ML3470 .H38 1987
|t 0
|l Evans: Library Stacks
|